00642nam a2200157 i 450000100060000000300090000600500170001500700030003200800410003510000340007624502560011026000480036630000270041465000220044185200210046343454ES-MaACL20251015063056.0t|030317s1912 it ||||1| ita d1 aCathrein, Victor, d1845-193113aLa morale cattolica b: esposta nelle sue premesse e nelle sue linee fondamentali a schiarimento delle maggiori questioni della vita per tutte le persone colte / cVictor Cathrein ; dalla seconda edizione tedesca a cura del sac. dott. Ubaldo Mannucci. aRoma : bF. Pustet., c1912 (fL. Cappelli) aXII, 575 p. ; c22 cm. 7aMoral cristiana2 aES-MaACLjF-1574